O Pranto de Lúcifer (Registo nº 197818)
[ vista simples ]
| 000 -Etiqueta do registo | |
|---|---|
| Valores | 00734nam 22002533 4500 |
| 010 ## - Número ISBN | |
| ISBN | 972-41-1663-8 |
| 021 ## - Número do Depósito Legal | |
| Código do país | Portugal |
| Número | 215256/04 |
| 100 ## - Dados gerais de processamento | |
| Dados gerais | 20250911d u||y0pory50 ba |
| 101 ## - Língua de publicação | |
| Língua | Português |
| 102 ## - País de publicação | |
| País | Portugal |
| 200 ## - Titulo e menção de responsabilidade | |
| Título próprio | O Pranto de Lúcifer |
| Primeira menção de responsabilidade | Rosa Lobato de Faria |
| 205 ## - Menção da edição | |
| Edição | 4ª |
| 210 ## - Publicação | |
| Local de publicação | Porto |
| Nome do editor | Asa Editores |
| Data de publicação | 2005 |
| 215 ## - Descrição física | |
| Paginação / Volumes | 205, [3] p. |
| Outras indicações físicas | Brochado |
| Dimensões | 20 cm |
| 225 ## - Colecção | |
| Título próprio da colecção | Finisterra. Autores contemporâneos de língua portuguesa |
| 300 ## - Notas gerais | |
| Texto da nota | Romance |
| 606 ## - Nome comum usado como assunto | |
| Palavra de ordem | Literatura Portuguesa |
| ID Autoridade | 6 |
| 675 ## - CDU | |
| Notação | 821.134.3-31/FAR/PRA |
| Edição | PT |
| Língua | por |
| 700 ## - Autor principal (pessoa individual) | |
| ID Autoridade | 2930 |
| Apelido | Faria |
| Nome | Rosa Lobato de |
| Datas | 1932-2010 |
| 801 ## - Fonte de origem | |
| País | PT |
| Agência | BMMN |
| Regras de catalogação | RPC |
| 830 ## - Notas gerais do catalogador | |
| Criado por | Carlos Pinto |
| Data de criação | 11-09-2025 |
| Indexado por | Carlos Pinto |
| 990 ## - Elementos KOHA | |
| Tipo de documento | Livro |
| Situação do levantamento | Biblioteca de origem | Código de barras | Cota | Permissão de empréstimo | Tipo de documento | Forma de aquisição |
|---|---|---|---|---|---|---|
| Escola Secundária de Montemor-o-Novo | 25988 | 821.134.3-31/FAR/PRA | Livro | Compra |